|
|
|
|
| LEADER |
00000nam0a2200000 4500 |
| 001 |
122398 |
| 005 |
20231101215735.0 |
| 035 |
|
|
|a (RuTPU)RU\TPU\book\132527
|
| 090 |
|
|
|a 122398
|
| 100 |
|
|
|a 20071003d2007 k y0rusy50 ca
|
| 101 |
0 |
|
|a rus
|
| 102 |
|
|
|a RU
|
| 105 |
|
|
|a y z 101zy
|
| 200 |
1 |
|
|a Корпоративные библиотечные системы: технологии и инновации; 1 июля -7 июля 2007 г. г. Санкт-Петербург, Лаппееранта (Финляндия)
|e труды V научно-практической конференции Арбикон
|f Санкт-Петербургский государственный политехнический университет (СПбГПУ); Технологический университет Лаппеенранты
|
| 210 |
|
|
|a СПб.
|c АРБИКОН
|d 2007
|
| 215 |
|
|
|a 193 с.
|e программа конференции
|
| 320 |
|
|
|a Библиография в конце докладов.
|
| 610 |
1 |
|
|a библиотеки
|
| 610 |
1 |
|
|a библиотечное дело
|
| 610 |
1 |
|
|a библиотечные системы
|
| 610 |
1 |
|
|a корпоративные системы
|
| 610 |
1 |
|
|a технологии
|
| 610 |
1 |
|
|a инновации
|
| 610 |
1 |
|
|a АРБИКОН
|
| 610 |
1 |
|
|a электронные коллекции
|
| 610 |
1 |
|
|a электронные библиотеки
|
| 610 |
1 |
|
|a библиотечные проекты
|
| 610 |
1 |
|
|a ресурсы
|
| 610 |
1 |
|
|a сервисы
|
| 610 |
1 |
|
|a конференции
|
| 686 |
|
|
|a Ч734(2)л0
|v LBC/SL-A
|2 rubbk
|
| 686 |
|
|
|a Ч738л0
|v LBC/SL-A
|2 rubbk
|
| 712 |
0 |
2 |
|a Санкт-Петербургский государственный политехнический университет (СПбГПУ)
|2 stltpush
|3 (RuTPU)RU\TPU\col\1918
|
| 712 |
0 |
2 |
|a Технологический университет Лаппеенранты
|2 stltpush
|3 (RuTPU)RU\TPU\col\11391
|9 25086
|
| 712 |
0 |
2 |
|a Ассоциация региональных библиотечных консорциумов (АРБИКОН)
|2 stltpush
|3 (RuTPU)RU\TPU\col\16244
|
| 712 |
1 |
2 |
|a Корпоративные библиотечные системы: технологии и инновации АРБИКОН
|b научно-практическая конференция
|d 5
|e Санкт Петербург, Лаппееранта
|f 2007
|
| 801 |
|
1 |
|a RU
|b 63413507
|c 20071003
|g PSBO
|
| 801 |
|
2 |
|a RU
|b 63413507
|c 20220714
|g PSBO
|
| 942 |
|
|
|c BK
|